| 000 | 00859cam a2200229 4500 | ||
|---|---|---|---|
| 001 | ABS62621 | ||
| 008 | 000000n2000 000 0 eng u | ||
| 035 | _a(Sirsi) u107289 | ||
| 100 | _aLawson, R. | ||
| 245 | _aElectronic Commerce Act 2000 | ||
| 260 | _c2000 | ||
| 490 |
_aSolicitors' Journal _v144(27) 14 July 2000, 660-661(2) |
||
| 520 | _aReviews the main provisions of the Electronic Commerce Act 2000, designed by the government to facilitate electronic commerce. Covers cryptography service providers, fit and proper persons, data storage and related EU Directives. | ||
| 590 | _aABS | ||
| 650 | _aELECTRONIC COMMERCE ACT 2000 | ||
| 650 | _aE-COMMERCE | ||
| 650 | _aELECTRONIC COMMUNICATIONS | ||
| 650 | _aE-COMMERCE DIRECTIVE | ||
| 650 | _aDATA STORAGE | ||
| 690 | _aMANAGEMENT-BUSINESS MANAGEMENT-INFORMATION MANAGEMENT | ||
| 942 | _n0 | ||
| 999 |
_c64148 _d64148 |
||